000 00519nam a2200181Ia 4500
005 20250326130415.0
008 250326s9999 xx 000 0 und d
037 _aTextbook
040 _aFMSL
_beng
_cFMSL
041 _aeng
_2eng
084 _aB2893 L3
_qFMSL
100 _aSchlaifer R
_9735614
245 0 _aProbability & statisties for business decesions
_cSchlaifer R
260 _aNew Delhi
_bNew Delhi, McGraw-Hill
_c1973
300 _a147p
942 _cTB
_hB2893 L3
999 _c1282358
_d1282358